| 000 | 00733nam a2200229Ia 4500 | ||
|---|---|---|---|
| 003 | OSt | ||
| 005 | 20220926021510.0 | ||
| 006 | a|||||r|||| 00| 0 | ||
| 007 | ta | ||
| 008 | 220923b |||||||| |||| 00| 0 eng d | ||
| 037 | _cGeneral Book | ||
| 040 |
_aRTL _cRTL _beng |
||
| 041 |
_2eng _aeng |
||
| 082 | _aY:5.1.P25<--N50, M2/GD | ||
| 110 |
_aUnited Nation International Economic and Social Affairs. _9326268 |
||
| 245 | 0 | _aProjection of urban rural and city Population 1950-2025 | |
| 260 |
_aNew York _bUN USA _c1982 |
||
| 300 |
_a94p. _ccm. |
||
| 700 |
_aUnited Nation International Economic and Social Affairs. _9326269 |
||
| 942 |
_hY:5.1.P25<--N50, M2/GD _cGB _2CC |
||
| 999 |
_c636928 _d636928 |
||